000 00509nam a2200181Ia 4500
005 20250317123458.0
008 008 250317s9999 xx 000 0 eng d
037 _aTextbook
040 _aFMSL
_beng
_cFMSL
041 _aeng
_2eng
084 _aX:8 L0
_qFMSL
100 _aWeiuwurn G P
_9740402
245 0 _aOn the management of computer talent
260 _aLondon
_bLondon, Wiley Interscience
_c1970
300 _a266p
942 _cTB
_hX:8 L0
999 _c1251431
_d1251431